| 000 | 00000nam##2200000za#4500 |
| 001 | 9.598453 |
| 003 | CaOODSP |
| 005 | 20210624204548 |
| 007 | cr ||||||||||| |
| 008 | 150406|2013||||xxc|||||o f|0| 0 fre|d |
| 020 | |a978-1-100-94114-1 |
| 040 | |aCaOODSP|bfre |
| 043 | |an-cn--- |
| 086 | 1 |aCW69-5/505F-PDF |
| 110 | 2 |aService canadien de la faune. |
| 245 | 10|aRelevés d'oiseaux de rivage des lacs situés proches de la frontière Alberta - Saskatchewan et des lacs du centre-nord de la Saskatchewan, 1995-1998 / |h[ressource électronique]|c[par] Gerard W. Beyersbergen. |
| 260 | |aEdmonton - Alberta : |bEnvironnement Canada. |cc2013. |
| 300 | |a145p.|bcartes en couleur, figures, références, tableaux |
| 490 | 1 |aService canadien de la faune, rapport technique|v505 |
| 590 | |a15-01-Supp|b2015-01-26 |
| 775 | 08|tShorebird migration surveys of Alberta – Saskatchewan border lakes and the north-central lakes of Saskatchewan, 1995-1998 / |w(CaOODSP)9.567089 |
| 830 | #0|aSérie de rapports techniques (Service canadien de la faune)|v505|w(CaOODSP)9.500915 |
| 856 | 40|ahttp://publications.gc.ca|qPDF|s3.57 Mo|uhttps://publications.gc.ca/collections/collection_2015/ec/CW69-5-505-fra.pdf|y505 |